Nástroje štatistického riadenia kvality

Uložené v:
Podrobná bibliografia
Hlavný autor: Tkáč, Michal, 1958-
Ďalší autori: Majerník, Milan, 1952-, Lörincová, Monika, 1976-
Médium: Kniha
Jazyk:Slovak
Vydavateľské údaje: Košice VSŽ - Vzdelávacie a poradenské centrum, a. s. 2001
Predmet:
Tagy: Pridať tag
Žiadne tagy, Buďte prvý, kto otaguje tento záznam!

MARC

LEADER 00000nam a2200000 4500
001 0168353
005 20240502072931.5
020 |a 80-967956-1-9 
041 0 |a slo 
044 |a SK 
245 1 0 |a Nástroje štatistického riadenia kvality  |c Michal Tkáč 
264 1 |a Košice  |b VSŽ - Vzdelávacie a poradenské centrum, a. s.  |c 2001 
300 |a 219 s. [11,1 AH] 
610 2 0 |a nástroje riadenia 
610 2 0 |a kvalita výrobkov 
610 2 0 |a riadenie kvality 
610 2 0 |a štatistika matematická 
610 2 0 |a analýza štatistická 
610 2 0 |a odhady 
610 2 0 |a hypotézy štatistické 
610 2 0 |a kontrola štatistická 
610 2 0 |a diagramy regulačné 
610 2 0 |a benchmarking 
610 2 0 |a analýza swot 
610 2 0 |a experimenty 
100 1 |a Tkáč, Michal, 1958- 
700 1 |a Majerník, Milan, 1952- 
700 1 |a Lörincová, Monika, 1976-